Natyashastra (Record no. 1283)

MARC details
000 -LEADER
fixed length control field 00301nam a22001217a 4500
008 - FIXED-LENGTH DATA ELEMENTS--GENERAL INFORMATION
fixed length control field 260423b |||||||| |||| 00| 0 eng d
082 ## - DEWEY DECIMAL CLASSIFICATION NUMBER
Classification number 001282
100 ## - MAIN ENTRY--PERSONAL NAME
Personal name Pushpendra Kumar
245 ## - TITLE STATEMENT
Title Natyashastra
Number of part/section of a work Vol 1-4
260 ## - PUBLICATION, DISTRIBUTION, ETC.
Place of publication, distribution, etc. Delhi
Name of publisher, distributor, etc. New Bharatiya Book Corporation
Date of publication, distribution, etc. 2019
300 ## - PHYSICAL DESCRIPTION
Extent 2080
942 ## - ADDED ENTRY ELEMENTS (KOHA)
Source of classification or shelving scheme Dewey Decimal Classification
Holdings
Withdrawn status Lost status Source of classification or shelving scheme Damaged status Not for loan Home library Current library Shelving location Date acquired Source of acquisition Inventory number Total Checkouts Full call number Barcode Date last seen Price effective from
    Dewey Decimal Classification     Karnataka Samskrit University Library Karnataka Samskrit University Library General Stacks 04/23/2026 Book Paradise 94470   001282 001282 04/23/2026 04/23/2026
    Dewey Decimal Classification     Karnataka Samskrit University Library Karnataka Samskrit University Library General Stacks 04/23/2026 Book Paradise 94470   001282 001283 04/23/2026 04/23/2026
    Dewey Decimal Classification     Karnataka Samskrit University Library Karnataka Samskrit University Library General Stacks 04/23/2026 Book Paradise 94470   001282 001284 04/23/2026 04/23/2026
    Dewey Decimal Classification     Karnataka Samskrit University Library Karnataka Samskrit University Library General Stacks 04/23/2026 Book Paradise 94470   001282 001285 04/23/2026 04/23/2026

Powered by Koha